Online
Catalog
Normal view MARC view

Entry Nombre geográfico

Number of records used in: 16

001 - NÚMERO DE CONTROL

  • campo de control: 7739

003 - IDENTIFICADOR DEL NÚMERO DE CONTROL

  • campo de control: OSt

005 - FECHA Y HORA DE LA ÚLTIMA TRANSACCIÓN

  • campo de control: 20200615032204.0

008 - DATOS DE LONGITUD FIJA

  • campo de control de longitud fija: 200615|| aca||aabn | a|a d

040 ## - FUENTE DE LA CATALOGACIÓN

  • Centro catalogador/agencia de origen: OSt
  • Centro/agencia transcriptor: OSt

151 ## - ENCABEZAMIENTO--NOMBRE GEOGRÁFICO

  • Nombre geográfico: REPÚBLICA DOMINICANA
  • Subdivisión general: CIVILIZACIÓN

670 ## - FUENTE DE DATOS ENCONTRADOS

  • Cita de la fuente: Work cat.: (OSt)2285: Andújar Persinal, Carlos, 1956- 7737, Identidad cultural y religiosidad popular /, 1999.

Powered by Koha